Contrari #1 - Statistics

Statistiche generali
  • Questo quiz è stato fatto 101 volte
  • Il punteggio medio è 16 su 20
Statistiche sulle risposte
Hint Risposta % Corretto
Eccellente Pessimo
99%
Tacere Parlare
96%
Opaco Luccicante
91%
Ottuso Acuto
90%
Caotico Ordinato
90%
Fetido Profumato
90%
Timoroso Impavido
89%
Diritto Obliquo
89%
Raddrizzare Torcere
89%
Lieve Grave
88%
Malsano Salubre
86%
Prolisso Conciso
84%
Umile Prepotente
83%
Arrendevole Tenace
81%
Vago Certo
80%
Accaldato Intirizzito
77%
Avventato Assennato
54%
Mesto Gaio
47%
Ossequioso Sgarbato
47%
Fievole Stentoreo
31%
Nessun quiz corrispondente trovato
Distribuzione punteggi
Percentuale di utenti per punteggio
Percentile per numero di risposta
I tuoi punteggi nel tempo
Non hai fatto questo quiz